000 00562nam a2200193Ia 4500
003 GCL
008 140319s9999 xx 000 0 ara d
040 _aGCL /
_cGCL
082 0 4 _a217
_bم س
100 1 _aمحمد عمارة
245 1 0 _aالسلفية /
_cمحمد عمارة
300 _a55 ص
490 _aموسوعة الحضارة الاسلامية
_v0
650 0 4 _aالاسلام
650 0 4 _aالدعوات الاسلامية
650 0 4 _aالاسلام - دعوات سلفية
650 0 4 _aالاسلام - دعوات
942 _2ddc
_cBK
999 _c48142
_d48142